MARC details
| 000 -BAŞLIK |
| Sabit Uzunluktaki Kontrol Alanı |
01892nam a22004697a 4500 |
| 001 - KONTROL NUMARASI |
| Control Dosyası |
0047659 |
| 003 - KONTROL NUMARASI KİMLİĞİ |
| Kontrol Alanı |
KOHA_MİRAKIL |
| 005 - EN SON İŞLEM TARİHİ ve ZAMANI |
| Kontrol Alanı |
20260207003553.0 |
| 007 - FİZİKSEL TANIM SABİT ALAN - GENEL BİLGİ |
| Sabit uzunluklu kontrol alanı |
ta |
| 008 - SABİT UZUNLUKTAKİ VERİ ÖGELERİ - GENEL BİLGİ |
| Sabit Alan |
150319b2014 tu a|||gr||||#0|||0|tur | |
| 020 ## - ISBN - ULUSLARARASI STANDART KİTAP NUMARASI |
| Isbn |
9786055316792 |
| 040 ## - KATALOGLAMA KAYNAĞI |
| Özgün Kataloglama Kurumu |
TR-BiSEU |
| Kataloglama Dili |
tur |
| Çeviri Kurumu |
TR-BiSEU |
| Açıklama Kuralları |
rda |
| 041 0# - DİL KODU |
| Metin ya da ses kaydının dil kodu |
tur |
| 044 ## - YAYINLAYAN/ÜRETEN KURULUŞUN ÜLKE KODU |
| ISO country code |
tu |
| 050 ## - SINIFLAMA ve YER NUMARASI |
| Sınıflama Numarası |
DR738.5.T9 |
| Yer Numarası |
W49 2014 |
| 245 1# - ESER ADI BİLDİRİMİ |
| Başlık |
Gezi : |
| Alt Eseradı vb. |
why did Turkey gather around 'tree'?/ |
| Sorumluluk Bildirimi |
Önsöz Metin Feyzioğlu ; edited by Murat Yalkın ; prepared by Nesrin Turhan, Özge Şener. |
| 264 #1 - ÜRERİM, YAYIN, DAĞITIM ve TELİF BİLDİRİMİ |
| Yayın yeri |
Ankara : |
| Yayınlayan |
The Uniıon of Turkish Bar Associations |
| Yayın tarihi |
2014 |
| 300 ## - FİZİKSEL TANIMLAMA |
| Sayfa, Cilt vb. |
376 sayfa : |
| Diğer fiziki detaylar |
resimli ; |
| Boyutları |
25 cm. |
| 336 ## - İÇERİK TÜRÜ |
| Content type term |
metin |
| Content type code |
txt |
| Source |
rdacontent |
| 337 ## - MEDYA TÜRÜ |
| Media type term |
aracısız |
| Media type code |
n |
| Source |
rdamedia |
| 338 ## - TAŞIYICI TÜRÜ |
| Carrier type term |
cilt |
| Carrier type code |
nc |
| Source |
rdacarrier |
| 490 1# - DİZİ BİLDİRİMİ |
| Dizi Bildirimi |
The Uniıon of Turkish Bar Associations no ; |
| Cilt Numarası |
246 |
| 650 #0 - KONU BAŞLIĞI EK GİRİŞ - KONU TERİMİ |
| Konusal terim veya coğrafi ad |
Social movements--Turkey |
| 9 (RLIN) |
35632 |
| 650 #0 - KONU BAŞLIĞI EK GİRİŞ - KONU TERİMİ |
| Konusal terim veya coğrafi ad |
Sosyal hareketler--Türkiye |
| 9 (RLIN) |
87490 |
| 650 #0 - KONU BAŞLIĞI EK GİRİŞ - KONU TERİMİ |
| Konusal terim veya coğrafi ad |
Demonstrations--Turkey |
| 9 (RLIN) |
87491 |
| 650 #0 - KONU BAŞLIĞI EK GİRİŞ - KONU TERİMİ |
| Konusal terim veya coğrafi ad |
Grupların gösterimi--Türkiye |
| 9 (RLIN) |
87492 |
| 650 #0 - KONU BAŞLIĞI EK GİRİŞ - KONU TERİMİ |
| Konusal terim veya coğrafi ad |
Demonstrations--Turkey--Istanbul--Taksim Meydanı |
| 9 (RLIN) |
87493 |
| 650 #0 - KONU BAŞLIĞI EK GİRİŞ - KONU TERİMİ |
| Konusal terim veya coğrafi ad |
Grupların gösterimi--Türkiye--İstanbul--Taksim Meydanı |
| 9 (RLIN) |
87494 |
| 650 #0 - KONU BAŞLIĞI EK GİRİŞ - KONU TERİMİ |
| Konusal terim veya coğrafi ad |
Demonstrations--Turkey--Istanbul--Gezi Parkı |
| 9 (RLIN) |
87495 |
| 650 #0 - KONU BAŞLIĞI EK GİRİŞ - KONU TERİMİ |
| Konusal terim veya coğrafi ad |
Grupların gösterimi--Türkiye--İstanbul--Gezi Parkı |
| 9 (RLIN) |
87496 |
| 650 #0 - KONU BAŞLIĞI EK GİRİŞ - KONU TERİMİ |
| Konusal terim veya coğrafi ad |
Protest movements--Turkey |
| 9 (RLIN) |
87497 |
| 650 #0 - KONU BAŞLIĞI EK GİRİŞ - KONU TERİMİ |
| Konusal terim veya coğrafi ad |
Protest hareketler--Türkiye |
| 9 (RLIN) |
87498 |
| 650 #0 - KONU BAŞLIĞI EK GİRİŞ - KONU TERİMİ |
| Konusal terim veya coğrafi ad |
Turkey--Politics -Politics government--1980. |
| 9 (RLIN) |
87499 |
| 650 #0 - KONU BAŞLIĞI EK GİRİŞ - KONU TERİMİ |
| Konusal terim veya coğrafi ad |
Türkiye--Siyaset ve yönetim--1980- |
| 9 (RLIN) |
4975 |
| 650 #0 - KONU BAŞLIĞI EK GİRİŞ - KONU TERİMİ |
| Konusal terim veya coğrafi ad |
Turkey--History--21st century |
| 9 (RLIN) |
83319 |
| 650 #0 - KONU BAŞLIĞI EK GİRİŞ - KONU TERİMİ |
| Konusal terim veya coğrafi ad |
Türkiye--Tarih--21. yy. |
| 9 (RLIN) |
83318 |
| 650 #0 - KONU BAŞLIĞI EK GİRİŞ - KONU TERİMİ |
| Konusal terim veya coğrafi ad |
Turkey--Politics and government--21st century |
| 9 (RLIN) |
4854 |
| 650 #0 - KONU BAŞLIĞI EK GİRİŞ - KONU TERİMİ |
| Konusal terim veya coğrafi ad |
Türkiye--Siyaset ve yönetim--21. yy. |
| 9 (RLIN) |
87500 |
| 830 1# - SERİ EK GİRİŞİ - TEKBİÇİM ESER ADI |
| Tekbiçim Başlık |
The Uniıon of Turkish Bar Associations no ; |
| Volume number/sequential designation |
246 |
| 9 (RLIN) |
87501 |
| 907 ## - LOCAL DATA ELEMENT G, LDG (RLIN) |
| a |
Tarih |
| 942 ## - EK GİRİŞ ÖGELERİ (KOHA) |
| Source of classification or shelving scheme |
Library of Congress Classification |
| Koha item type |
Book |